01358nam a2200313Ia 450000500170000000800410001702000150005804100080007310000300008124501000011125000220021130000330023349000230026665000310028965000380032070000470035870000490040594200150045426400340046933600270050333700330053033800280056304000350059108400110062699900150063795201290065295201310078195201320091220220316235625.0121119s2002 ck a gr 000 f spa  a95830080361 aspa1 aCollodi, Carlod1826-189010aPinochocCarlo Collodi ; traducción, Antonio José Restrepo ; ilustraciones de Jairo Linares aPrimera edición a284 páginasbilustraciones0 aLiteratura juvenil14aLiteratura infantil 2LEMB14aMarionetasxNovela infantil2LEMB1 aRestrepo, Antonio Joséetraductor9396071 aLinares Landínez, Jairoeilustrador916395 2loccBKINF aBogotá bPanamericanac2002 atextobtxt2rdacontent asin mediaciónbn2rdamedia avolumenbnc2rdacarrier aCO-BoRNBPbspaerdacCO-BoRNBP aN COL4 c1582d1582 00102ddc4070aMEPRICObMEPRICOcSInfd2022-12-06l0oNCOL4EJ.1pPR000000I91r2022-12-06 00:00:00tEj.1w2022-12-06yBKINF 00102ddc40708INFaMEGUAMALbMEGUAMALcSInfd2023-02-22l0oN COL4pGUA001692r2023-02-22 00:00:00tEj.1w2023-02-22yBKINF 00102ddc4070aMEPRICObMEPRICOcSInfd2023-06-05l0oN COL4 EJ. 1pPR000001262r2023-06-05 00:00:00tEj.1w2023-06-05yBKINF